000 00671nam a22001817a 4500
003 UA-OsUOA
001 16407
007 ta
008 20040105b un ||||| |||| 00| 0 ukr d
100 _aСадовник В.Г.
942 _cSA
040 _aUA-OsUOA
_cUA-OsUOA
_dUA-OsUOA
245 _aНа варті безпеки - без перепочинку
_b[Розмова з начальником Упр. СБУ в Рівнен. обл. генерал-майором В.Г. Садовником]
300 _aС.2
955 _a0
773 0 _w0
_tВісті Рівненщини
_dРівне
_d2003
_g№108/26 груд./
650 7 _aКраєзнавча робота
_2UDC
999 _c302572
_d302572